000 00976nam a2200241Ia 4500
999 _c39296
_d39296
001 5882
003 GE_BSU
005 20191028155742.0
008 181216s2012||||ge |||||||||||||| ||geo||
020 _a9789994021451
040 _cGE_BSU
041 _ageo
080 _a821.353.1-1 გ-69
100 _aგორგილაძე, ზურაბ
_93647
245 _aერთტომეული :
_bლექსები /
_cზურაბ გორგილაძე ; სარედ. ჯგუფი: დავით თედორაძე [და სხვ.
264 _aბათუმი :
_bაჭარა,
_c2012.
300 _a567 გვ. ;
_b22 სმ.
653 _aლექსები
700 _aკონცელიძე, ლ.
_eრედაქტორი
_95036
700 _aთედორაძე, დ.
_eრედაქტორი
_95037
700 _aქებურია, ბ.
_eრედაქტორი
_95038
942 _cBK
_2udc